Popular Culture / (Record no. 170479)

MARC details
000 -LEADER
fixed length control field 00601nam a2200193 4500
005 - DATE AND TIME OF LATEST TRANSACTION
control field 20191216161835.0
010 ## - LCCN (DPL NO)
LC control number ENG-127153
020 ## - INTERNATIONAL STANDARD BOOK NUMBER
International Standard Book Number 9789352875757
Terms of availability 230.00
035 ## - SYSTEM CONTROL NUMBER
System control number EN-110685
037 ## - SOURCE OF ACQUISITION
Source of stock number/acquisition DBAD/PUB
082 ## - DEWEY DECIMAL CLASSIFICATION NUMBER
Classification number 306.095
100 ## - MAIN ENTRY--PERSONAL NAME
Personal name Chakraborty, Abin
245 ## - TITLE STATEMENT
Title Popular Culture /
Statement of responsibility, etc by Abin Chakraborty
260 ## - PUBLICATION, DISTRIBUTION, ETC. (IMPRINT)
Place of publication, distribution, etc Hyderabad
Name of publisher, distributor, etc Orient Blankswan Private
Date of publication, distribution, etc 2019
270 ## - ADDRESS
Address 3-6-752 Himayatnagar, Hyderabad
City Telangana
Postal code 500029
Electronic mail address indo@orientblackswan.com
300 ## - PHYSICAL DESCRIPTION
Extent xiii;185p .
Dimensions 21cm(pbk)
500 ## - GENERAL NOTE
General note Includes references
942 ## - ADDED ENTRY ELEMENTS (KOHA)
Source of classification or shelving scheme Dewey Decimal Classification
Item type English Books
Classification part 306.095
Call number suffix CHA
Holdings
Withdrawn status Lost status Not for loan Collection code Home library Current library Date acquired Source of acquisition Cost, normal purchase price Full call number Barcode Copy number Cost, replacement price Koha item type
      Non-fiction Central Library Central Library 16/12/2019 DBAD/PUB 230.00 306.095 CHA EN-110685 1 230.00 English Books

© Delhi Public Library
Hit Counter
free hit counter